000 00540nam a2200193Ia 4500
003 GCL
008 140319s9999 xx 000 0 ara d
040 _aGCL /
_cGCL
082 0 4 _aط
_b813.2
_bن ى
100 1 _aنجيبة العسال
245 1 0 _aاليمامة الحكيمة /
_cنجيبة العسال
260 _a[S.N] :
_bدار الشعب للطباعة والنشر ،
_c1983
300 _a32 ص
490 _a
650 0 4 _aالاطفال
650 0 4 _aالقصص
650 0 4 _aقصص الاطفال
942 _2ddc
_cBK
999 _c56585
_d56585